000 01827nam0a22002891 4500
001 RU\NLR\19V\936503
005 20260407104339.0
035 _a(NLR Aleph) 010800987
090 _a10160137
_c10160137
100 _a20150710d1914 |||y0rusy50 ca
101 0 _arus
102 _aRU
105 _aa h |||||
200 1 _aТруды Экспертной комиссии по рассмотрению проекта канализации гор. С.-Петербурга, составленного в 1913-1914 г. Городской исполнительной комиссией по сооружению канализации и переустройству водоснабжения гор. С.-Петербурга и объяснения главного инженера Д.П. Рузского и консультанта доктора В.И. Яковлева
210 _aС-Петербург
_d1914
215 _aVIII, 241 с., 3 л. ил.
_d26
620 _aru
_dСанкт-Петербург
702 1 _aРузский
_bД. П.
_f1869
_gДмитрий Павлович
_4770
702 1 _4770
_7ca
_8rus
_aЯковлев
_bВ. И.
_cд-р мед. наук
_f1860-1927
_gВиктор Ильич
_9228598
_3RU\NLR\AUTH\770228654
710 0 2 _aПетербургская городская управа
_bЭкспертная комиссия по рассмотрению проекта канализации
_3RU\NLR\AUTH\889992711
_9481768
711 0 2 _aПетербургская городская комиссия по сооружению канализации и переустройству водоснабжения
_3RU\NLR\AUTH\8810059814
_9620946
801 0 _aRU
_bNLR
_c20150710
_gpsbo
801 1 _aRU
_bNLR
_c20150710
_2rusmarc
852 _aNLR
_j37.47.9.23
942 _cBOOK
980 _aNB